[Event "Verbandsliga Nordbaden 1920"]
[Site "Baden"]
[Date "2019.11.10"]
[Round "2.3"]
[White "Wind, Lutz"]
[Black "Kuci, Blerim"]
[Result "0-1"]
[WhiteElo "2137"]
[BlackElo "2201"]
[PlyCount "76"]
[EventDate "2019.09.29"]
[EventType "team-tourn"]
[EventRounds "9"]
[EventCountry "GER"]
[SourceTitle "EXT 2021"]
[Source "ChessBase"]
[SourceDate "2020.10.23"]
[SourceVersion "1"]
[SourceVersionDate "2020.10.23"]
[SourceQuality "1"]
[WhiteTeam "Lindenhof"]
[BlackTeam "Hockenheim II"]
[WhiteTeamCountry "GER"]
[BlackTeamCountry "GER"]

1. Nf3 Nf6 2. e3 g6 3. d4 Bg7 4. Bd3 d6 5. 0-0 0-0 6. c3 Nbd7 7. Nbd2 e5 8. Qc2 c6 9. b3 Re8 10. Ba3 d5 11. dxe5 Nxe5 12. Nxe5 Rxe5 13. Rae1 Qc7 14. f4 Re8 15. h3 Qb6 16. Rf3 Bd7 17. Kh2 c5 18. c4 d4 19. e4 Bc6 20. Rff1 Nd7 21. g3 f6 22. Re2 a5 23. Qb1 Qc7 24. Nf3 Bf8 25. Bc1 Bd6 26. e5 fxe5 27. Bxg6 Re7 28. Ng5 Nf8 29. Bd3 exf4 30. Bxf4 Bxf4 31. Rxf4 Rxe2+ 32. Bxe2 Qe7 33. Bd3 Ng6 34. Rf5 Bd7 35. Rd5 Rf8 36. Ne4 Bc6 37. Rh5 Rf3 38. Qd1 Bxe4 0-1

[Event "Oberhausen op"]
[Site "Oberhausen"]
[Date "2013.03.31"]
[Round "6"]
[White "Wind, Lutz"]
[Black "Steinle, Carsten"]
[Result "1/2-1/2"]
[WhiteElo "2159"]
[BlackElo "2208"]
[PlyCount "83"]
[EventDate "2013.03.28"]
[EventType "swiss"]
[EventRounds "7"]
[EventCountry "GER"]
[SourceTitle "CBM 153 Extra"]
[Source "ChessBase"]
[SourceDate "2013.04.22"]
[SourceVersion "1"]
[SourceVersionDate "2013.04.22"]
[SourceQuality "1"]

1. f4 Nf6 2. Nf3 b6 3. g3 Bb7 4. Bg2 e6 5. b3 c5 6. Bb2 Be7 7. 0-0 0-0 8. e3 Nc6 9. a4 Qc7 10. Na3 a6 11. Qe2 d5 12. d3 Rfd8 13. Ne5 Nd7 14. Nxd7 Qxd7 15. Qg4 g6 16. Rad1 Qe8 17. Nb1 b5 18. axb5 axb5 19. Nc3 f5 20. Qe2 Bf6 21. Rb1 Nb4 22. Nxd5 Bxb2 23. Nxb4 Bxg2 24. Qxg2 Bc3 25. Nc6 Rd5 26. Ne5 Ra2 27. Nf3 Rxd3 28. Qe2 Rd8 29. Rbd1 Rxd1 30. Rxd1 Ra1 31. Rxa1 Bxa1 32. Qd3 Bf6 33. Qd6 Qe7 34. Qb8+ Qd8 35. Qxd8+ Bxd8 36. c4 bxc4 37. bxc4 Bf6 38. Kf1 Kf8 39. Ke2 Ke7 40. Kd3 Kd6 41. e4 Kc6 42. e5 1/2-1/2

[Event "Hessenliga 1011"]
[Site "Germany"]
[Date "2010.09.26"]
[Round "1.4"]
[White "Waffenschmidt, Joachim"]
[Black "Wind, Lutz"]
[Result "0-1"]
[WhiteElo "2048"]
[BlackElo "2156"]
[PlyCount "88"]
[EventDate "2010.09.26"]
[EventType "team-tourn"]
[EventRounds "9"]
[EventCountry "GER"]
[SourceTitle "EXT 2012"]
[Source "ChessBase"]
[SourceDate "2011.11.24"]
[SourceVersion "1"]
[SourceVersionDate "2011.11.24"]
[SourceQuality "1"]
[WhiteTeam "Frankfurt BvK II"]
[BlackTeam "Lorsch"]
[WhiteTeamCountry "GER"]
[BlackTeamCountry "GER"]

1. d4 Nf6 2. c4 g6 3. Nc3 Bg7 4. e4 d6 5. Nf3 0-0 6. Be2 Bg4 7. 0-0 Nfd7 8. Be3 a6 9. Ng5 Bxe2 10. Qxe2 Nc6 11. Rad1 e5 12. Nf3 exd4 13. Nxd4 Re8 14. Nxc6 bxc6 15. c5 Qb8 16. cxd6 cxd6 17. Qd2 Ne5 18. Qe2 Qc7 19. Rd2 a5 20. Rc1 Qb8 21. Rcd1 Bf8 22. f4 Nd7 23. Qc4 Qb7 24. Bf2 Rab8 25. b3 Nf6 26. Bh4 Qa7+ 27. Qd4 Qxd4+ 28. Rxd4 Kg7 29. h3 Rb4 30. Be1 d5 31. e5 Nd7 32. Rxb4 axb4 33. Na4 f6 34. exf6+ Nxf6 35. Bf2 Re2 36. Bd4 Kf7 37. Be5 Ne4 38. Nb6 Rxa2 39. Nc8 Bc5+ 40. Kh2 Nc3 41. Re1 Ne4 42. Rc1 Ra8 43. Rxc5 Nxc5 44. Nd6+ Ke6 0-1

[Event "Baden VLN 0304"]
[Site "Baden"]
[Date "2003.12.07"]
[Round "3.4"]
[White "Wind, Lutz"]
[Black "Strohhaeker, Ralph"]
[Result "1-0"]
[WhiteElo "2232"]
[BlackElo "2131"]
[PlyCount "79"]
[EventDate "2003.10.12"]
[EventType "team-tourn"]
[EventRounds "9"]
[EventCountry "GER"]
[SourceTitle "EXT 2022"]
[Source "ChessBase"]
[SourceDate "2021.10.06"]
[SourceVersion "1"]
[SourceVersionDate "2021.10.06"]
[SourceQuality "1"]
[WhiteTeam "Heidelberg II"]
[BlackTeam "Conweiler"]
[WhiteTeamCountry "GER"]
[BlackTeamCountry "GER"]

1. e4 c5 2. Nc3 Nc6 3. f4 e6 4. Nf3 d5 5. Bb5 Nf6 6. d3 d4 7. Bxc6+ bxc6 8. Nb1 Ba6 9. b3 Be7 10. 0-0 0-0 11. Qe1 Nd7 12. a4 Rb8 13. Na3 Kh8 14. Rf2 f5 15. exf5 exf5 16. Re2 Bd6 17. Ng5 Rf6 18. Bd2 h6 19. Qh4 Kg8 20. Nf3 Qf8 21. Rae1 Nb6 22. Ne5 Bxe5 23. Rxe5 Nd5 24. Nc4 Kh7 25. Qh3 Rb7 26. Qf3 Rd7 27. Na5 Qd8 28. Re8 Qc7 29. g3 Rdf7 30. Qe2 Qd7 31. Re5 Rg6 32. Qf3 Qc7 33. Qh5 Rgf6 34. Re8 Ne3 35. Bxe3 Qxa5 36. Bf2 g6 37. Qe2 Qc7 38. Rc1 Rd6 39. Re1 Rdd7 40. Re5 1-0

[Event "Oberliga Baden 0203"]
[Site "Germany"]
[Date "2003.03.30"]
[Round "9.3"]
[White "Wiechert, Hans"]
[Black "Wind, Lutz"]
[Result "1-0"]
[WhiteElo "2307"]
[BlackElo "2225"]
[PlyCount "71"]
[EventDate "2002.10.20"]
[EventType "team-tourn"]
[EventRounds "9"]
[EventCountry "GER"]
[SourceTitle "EXT 2018"]
[Source "ChessBase"]
[SourceDate "2017.10.13"]
[SourceVersion "1"]
[SourceVersionDate "2017.10.13"]
[SourceQuality "1"]
[WhiteTeam "Kuppenheim"]
[BlackTeam "Heidelberg II"]
[WhiteTeamCountry "GER"]
[BlackTeamCountry "GER"]

1. d4 Nf6 2. c4 g6 3. Nf3 Bg7 4. g3 0-0 5. Bg2 d6 6. 0-0 Nc6 7. d5 Na5 8. Nbd2 c5 9. Ne1 a6 10. Nc2 Rb8 11. Rb1 b5 12. cxb5 axb5 13. b4 cxb4 14. h3 Bb7 15. Nxb4 Qd7 16. e4 Rfc8 17. Re1 Ba8 18. Bf1 Nh5 19. Nf3 e5 20. Kg2 Bf6 21. Bd3 Nc4 22. Qe2 Qa7 23. Bh6 Bd8 24. Rec1 Na3 25. Rb3 Qa4 26. Bd2 Ba5 27. Rcc3 Rxc3 28. Bxc3 Rc8 29. Qb2 Nc4 30. Qe2 Bd8 31. Nd2 Na3 32. Bb2 Nc4 33. Nxc4 bxc4 34. Bxc4 Rb8 35. Nc6 Rxb3 36. Bxb3 1-0

[Event "Oberliga Baden 0203"]
[Site "Germany"]
[Date "2003.02.09"]
[Round "6.4"]
[White "Gasthofer, Viktor"]
[Black "Wind, Lutz"]
[Result "1/2-1/2"]
[WhiteElo "2338"]
[BlackElo "2225"]
[PlyCount "51"]
[EventDate "2002.10.20"]
[EventType "team-tourn"]
[EventRounds "9"]
[EventCountry "GER"]
[SourceTitle "EXT 2018"]
[Source "ChessBase"]
[SourceDate "2017.10.13"]
[SourceVersion "1"]
[SourceVersionDate "2017.10.13"]
[SourceQuality "1"]
[WhiteTeam "Bad Mergentheim"]
[BlackTeam "Heidelberg II"]
[WhiteTeamCountry "GER"]
[BlackTeamCountry "GER"]

1. c4 g6 2. e4 Bg7 3. d4 d6 4. Nc3 Nf6 5. f3 0-0 6. Be3 Nc6 7. Nge2 a6 8. Qd2 Rb8 9. Nc1 e5 10. Nb3 exd4 11. Nxd4 Ne5 12. Rd1 c6 13. Be2 b5 14. cxb5 axb5 15. b4 c5 16. Nc2 cxb4 17. Nxb4 Qa5 18. Ncd5 Be6 19. 0-0 Bxd5 20. Nxd5 Qxd2 21. Rxd2 Nxd5 22. Rxd5 Nc4 23. Bxc4 bxc4 24. Rc1 Rfc8 25. Bd4 c3 26. Bxg7 1/2-1/2

[Event "Oberliga Baden 0203"]
[Site "Germany"]
[Date "2003.01.12"]
[Round "4.6"]
[White "Wind, Lutz"]
[Black "Wenner, Tobias"]
[Result "1/2-1/2"]
[WhiteElo "2225"]
[BlackElo "2175"]
[PlyCount "46"]
[EventDate "2002.10.20"]
[EventType "team-tourn"]
[EventRounds "9"]
[EventCountry "GER"]
[SourceTitle "EXT 2018"]
[Source "ChessBase"]
[SourceDate "2017.10.13"]
[SourceVersion "1"]
[SourceVersionDate "2017.10.13"]
[SourceQuality "1"]
[WhiteTeam "Heidelberg II"]
[BlackTeam "Eppingen II"]
[WhiteTeamCountry "GER"]
[BlackTeamCountry "GER"]

1. e4 c6 2. d4 d5 3. e5 Bf5 4. Nf3 e6 5. Be2 Ne7 6. a3 Nd7 7. 0-0 c5 8. c4 dxc4 9. Bxc4 Nc6 10. d5 Ncxe5 11. Nxe5 Nxe5 12. Qa4+ Nd7 13. dxe6 Bxe6 14. Bxe6 fxe6 15. Rd1 Qc7 16. Bg5 Be7 17. Bxe7 Kxe7 18. Nc3 Qc6 19. Qg4 Rhf8 20. Qxg7+ Rf7 21. Qg3 Nf6 22. Rd3 Rg8 23. Qf3 Qxf3 1/2-1/2

[Event "InfoScore Cup 5th"]
[Site "Baden-Baden"]
[Date "2002.07.28"]
[Round "3"]
[White "Wind, Lutz"]
[Black "Karpatchev, Aleksandr"]
[Result "0-1"]
[WhiteElo "2216"]
[BlackElo "2496"]
[PlyCount "102"]
[EventDate "2002.07.27"]
[EventType "swiss"]
[EventRounds "7"]
[EventCountry "GER"]
[SourceTitle "CBM 089 Extra"]
[Source "ChessBase"]
[SourceDate "2002.09.10"]
[SourceVersion "2"]
[SourceVersionDate "2002.09.10"]
[SourceQuality "1"]

1. e4 e5 2. Nf3 Nc6 3. Bc4 Nf6 4. Qe2 Be7 5. c3 0-0 6. 0-0 d5 7. exd5 Nxd5 8. d3 Bg4 9. Be3 f5 10. h3 Bh5 11. b4 a6 12. Nbd2 Kh8 13. Rfc1 Nxc3 14. Rxc3 Bxb4 15. Rc2 f4 16. Rf1 fxe3 17. fxe3 Bxd2 18. Rxd2 Qd6 19. Qe1 Bxf3 20. Rxf3 Rxf3 21. gxf3 Rf8 22. Qg3 Qc5 23. Kf2 e4 24. f4 Ne5 25. Ke2 Nxc4 26. dxc4 Qxc4+ 27. Kf2 Qe6 28. Qg4 Qf6 29. Rd7 Qb2+ 30. Qe2 Qc3 31. Qd2 Qxd2+ 32. Rxd2 g5 33. Rd7 gxf4 34. Rxc7 b5 35. Ra7 fxe3+ 36. Kxe3 Rf3+ 37. Kxe4 Ra3 38. h4 h5 39. Kf5 Kg8 40. Kf6 Rxa2 41. Kg6 Kf8 42. Kxh5 b4 43. Rb7 Ra5+ 44. Kg6 Rb5 45. Rf7+ Kg8 46. Rg7+ Kf8 47. Rf7+ Ke8 48. Rf1 b3 49. h5 b2 50. Rb1 Kf8 51. h6 Kg8 0-1

[Event "Wiesbaden op 20th"]
[Site "Wiesbaden"]
[Date "2001.??.??"]
[Round "5"]
[White "Vogler, Tilmann"]
[Black "Wind, Lutz"]
[Result "1/2-1/2"]
[WhiteElo "2325"]
[BlackElo "2217"]
[PlyCount "99"]
[EventDate "2001.08.??"]
[EventType "swiss"]
[EventRounds "9"]
[EventCountry "GER"]
[SourceTitle "EXT 2002"]
[Source "ChessBase"]
[SourceDate "2001.11.25"]
[SourceVersion "1"]
[SourceVersionDate "2001.11.25"]
[SourceQuality "1"]
[WhiteTeam "Schwarzenbach"]
[WhiteTeamCountry "GER"]

1. d4 g6 2. c4 Bg7 3. Nc3 d6 4. e4 Nf6 5. Nf3 0-0 6. h3 Na6 7. Be3 e5 8. d5 c5 9. g4 Nc7 10. Bd3 Rb8 11. Nh2 a6 12. a4 Bd7 13. Qe2 b6 14. h4 Rb7 15. h5 Qe7 16. f3 Rfb8 17. hxg6 fxg6 18. Nf1 b5 19. axb5 axb5 20. cxb5 Nxb5 21. Nxb5 Bxb5 22. Bxb5 Rxb5 23. Bc1 Nd7 24. g5 Nf8 25. Nh2 Rb4 26. Ng4 Rb3 27. Kf2 Qf7 28. Ra6 R3b6 29. Ra2 Rb3 30. Be3 Qb7 31. Rb1 Nd7 32. Kg3 Ra8 33. Rba1 Rxa2 34. Rxa2 Rb4 35. Bc1 Kf7 36. Qc2 Qb8 37. Bd2 Rb5 38. Qa4 Ke7 39. Bc3 Rb7 40. Ra1 Nf8 41. Kh4 Kf7 42. Rf1 Kg8 43. Qa6 Rf7 44. Kg3 Nd7 45. Ra1 Qf8 46. Qe2 h5 47. gxh6 Bxh6 48. Kg2 Bf4 49. Rh1 Rh7 50. Rxh7 1/2-1/2

[Event "Verbandsliga Nord Baden 9394"]
[Site "Germany"]
[Date "1994.04.24"]
[Round "9.1"]
[White "Fronczek, Heinrich"]
[Black "Wind, Lutz"]
[Result "1-0"]
[WhiteElo "2295"]
[BlackElo "2320"]
[PlyCount "77"]
[EventDate "1993.09.23"]
[EventType "team"]
[EventRounds "9"]
[EventCountry "GER"]
[SourceTitle "EXT 2002"]
[Source "ChessBase"]
[SourceDate "2001.11.25"]
[SourceVersion "1"]
[SourceVersionDate "2001.11.25"]
[SourceQuality "1"]
[WhiteTeam "Calw"]
[BlackTeam "Mannheim Chaos"]
[WhiteTeamCountry "GER"]
[BlackTeamCountry "GER"]

1. d4 Nf6 2. Nf3 g6 3. c4 Bg7 4. Nc3 0-0 5. e4 d6 6. Be2 e5 7. d5 a5 8. Bg5 Na6 9. Nd2 Qe8 10. 0-0 h6 11. Bh4 Nh7 12. f3 f5 13. a3 Bd7 14. b3 g5 15. Bf2 f4 16. Rb1 h5 17. b4 axb4 18. axb4 Qg6 19. h3 Nf6 20. c5 g4 21. fxg4 hxg4 22. hxg4 Bxg4 23. b5 Nxc5 24. Bxc5 dxc5 25. b6 f3 26. Bxf3 Bh6 27. Qe2 Bf4 28. Rfd1 Ra3 29. Qd3 Qh5 30. Nf1 Kg7 31. bxc7 Bxf3 32. Qxf3 Qxf3 33. gxf3 Rxc3 34. Rxb7 Rc8 35. d6 Nd7 36. Rdb1 c4 37. Rb8 Nxb8 38. Rxb8 Rb3 39. Rxc8 1-0

[Event "Verbandsliga Nord Baden 9394"]
[Site "Germany"]
[Date "1994.01.16"]
[Round "5.1"]
[White "Porth, Dietmar"]
[Black "Wind, Lutz"]
[Result "1/2-1/2"]
[WhiteElo "2255"]
[BlackElo "2320"]
[PlyCount "119"]
[EventDate "1993.09.23"]
[EventType "team"]
[EventRounds "9"]
[EventCountry "GER"]
[SourceTitle "EXT 2002"]
[Source "ChessBase"]
[SourceDate "2001.11.25"]
[SourceVersion "1"]
[SourceVersionDate "2001.11.25"]
[SourceQuality "1"]
[WhiteTeam "Kirchheim II"]
[BlackTeam "Mannheim Chaos"]
[WhiteTeamCountry "GER"]
[BlackTeamCountry "GER"]

1. d4 Nf6 2. c4 g6 3. Nc3 Bg7 4. e4 d6 5. f3 0-0 6. Bg5 Nc6 7. Nge2 a6 8. Qd2 Rb8 9. d5 Na5 10. Nc1 c5 11. Bh6 Bd7 12. Bxg7 Kxg7 13. a4 e5 14. Bd3 Nh5 15. N3e2 b6 16. 0-0 f5 17. exf5 gxf5 18. b3 Qf6 19. Rb1 Kh8 20. Ng3 Ng7 21. Bc2 h5 22. Nd3 h4 23. Ne2 Nh5 24. f4 e4 25. Nf2 Qg6 26. Qc3+ Nf6 27. Nh3 Kg8 28. Ng5 Nh7 29. Nxh7 Qxh7 30. g3 hxg3 31. hxg3 Be8 32. Rf2 Bh5 33. Rh2 Qg6 34. Re1 Kf7 35. Kf2 Rh8 36. Reh1 Rh6 37. Bd1 Rbh8 38. Ke1 R8h7 39. b4 Nb7 40. Kd2 Bf3 41. Rxh6 Rxh6 42. Rxh6 Qxh6 43. bxc5 Nxc5 44. Qb4 Bxe2 45. Bxe2 Qf6 46. Qxb6 Nxa4 47. Qc7+ Kg6 48. Ke3 Nc5 49. Qc8 a5 50. g4 fxg4 51. Qxg4+ Kf7 52. Qc8 a4 53. Qc7+ Kg6 54. Qc8 Kg7 55. Qc7+ Kh6 56. Qb8 Qc3+ 57. Kf2 Qf6 58. Ke3 Qc3+ 59. Kf2 Qf6 60. Ke3 1/2-1/2